Teaching large Multilevel Classes (0 521 66785 2)

में बचाया:
ग्रंथसूची विवरण
मुख्य लेखक: NATALIE HESS
स्वरूप: पुस्तक
भाषा:Undetermined
प्रकाशित: Cambridge 2001
टैग : टैग जोड़ें
कोई टैग नहीं, इस रिकॉर्ड को टैग करने वाले पहले व्यक्ति बनें!
Thư viện lưu trữ: Trung tâm Học liệu Trường Đại học Cần Thơ
LEADER 00401nam a2200145Ia 4500
001 CTU_49609
008 210402s9999 xx 000 0 und d
082 |a 428.0071 
082 |b H586 
100 |a NATALIE HESS 
245 0 |a Teaching large Multilevel Classes (0 521 66785 2) 
245 0 |c NATALIE HESS 
260 |b Cambridge 
260 |c 2001 
980 |a Trung tâm Học liệu Trường Đại học Cần Thơ